| 000 | 00699nam a2200193 a 4500 | ||
|---|---|---|---|
| 003 | 0 | ||
| 005 | 20250218150512.0 | ||
| 008 | 120719s19uu xx 00 eng d | ||
| 050 |
_aPGS SB 319.6 _b.T625 2012 |
||
| 100 | _aTizon, Neil Justin. | ||
| 245 |
_aThe effect of powder grower on the growth of indoor plants / _cNeil Justin Tizon. |
||
| 260 |
_aLas PiƱas City, Philippines : _bSouthville International School and Colleges, _c2012. |
||
| 300 |
_a37 pages : _bcolored illustrations ; _c28 cm. |
||
| 504 | _aIncludes bibliographical references. | ||
| 650 | _aPlant growth regulators. | ||
| 650 |
_aFertilizers _vEffects on plants |
||
| 650 |
_aPlant growth _vMeasurement. |
||
| 942 |
_2lcc _cPASS |
||
| 999 |
_c98754 _d98754 |
||